000 00608nam a22002297a 4500
003 UA-OsUOA
001 51878
007 ta
008 20080123b un ||||| |||| 00| 0 ukr d
100 _aФурманов Д.
090 _a821.161.1
_bФ95
942 _cBK
040 _aUA-OsUOA
_brus
_cUA-OsUOA
_dUA-OsUOA
245 _aЧапаев. Мятеж
_bРоманы
300 _a463 с.
955 _a3
041 _arus
080 _a821.161.1
260 _aК.
_bРадянська школа
_c1988
650 7 _a82 Література. Літературознавство
_2UDC
999 _c337958
_d337958